What Came First? Live Action Movie or Animated Series Quiz Stats

 Plays Quiz Updated May 6, 2019

Score 0/20 Timer 03:00
1 Play Today
Question Answer Wrong Answers
Scooby-Doo, Where Are You! Animated Series
95.8%
Live-Action Film
1%
The Flintstones Animated Series
95.6%
Live-Action Film
1.2%
The Smurfs Animated Series
95.3%
Live-Action Film
1.5%
Yogi Bear Animated Series
95%
Live-Action Film
1.7%
Garfield Animated Series
94.9%
Live-Action Film
1.8%
Men in Black Live-Action Film
93.6%
Animated Series
3.1%
Jumanji Live-Action Film
92.1%
Animated Series
4.7%
Teenage Mutant Ninja Turtles Animated Series
91.8%
Live-Action Film
5.1%
Alvin and the Chipmunks Animated Series
91.4%
Live-Action Film
5.4%
Police Academy Live-Action Film
91.2%
Animated Series
5.7%
Ace Ventura: Pet Detective Live-Action Film
90.4%
Animated Series
6.4%
The Mummy Live-Action Film
90.3%
Animated Series
6.5%
Inspector Gadget Animated Series
89.5%
Live-Action Film
7.3%
Beetlejuice Live-Action Film
88.5%
Animated Series
8.3%
Bill & Ted's Excellent Adventure Live-Action Film
88.4%
Animated Series
8.5%
The Mask Live-Action Film
88.2%
Animated Series
8.7%
Transformers Animated Series
88.1%
Live-Action Film
8.7%
Ghostbusters Live-Action Film
87.2%
Animated Series
9.6%
Clerks Live-Action Film
86.2%
Animated Series
10.5%
Dudley Do-Right Animated Series
77.8%
Live-Action Film
18.9%

You're not logged in!

Compare scores with friends on all Sporcle quizzes.
OR
Log In

Sporcle TV

Today on Sporcle TV


Watch our educational content, quiz creation guides, and fun videos on Sporcle TV.

Show Comments

Extras

Top Quizzes Today


Score Distribution

Your Account Isn't Verified!

In order to create a playlist on Sporcle, you need to verify the email address you used during registration. Go to your Sporcle Settings to finish the process.

Report this User

Report this user for behavior that violates our Community Guidelines.

Details: